000 00793nam a2200289Ia 4500
005 20260324142142.0
008 008 260324s9999 xx 000 0 eng d
020 _a9780203773949
037 _aEBOOK
040 _aCRL
040 _beng
040 _cCRL
041 _2eng
041 _aeng
084 _qCRL
100 _aR. Duncan Luce; Geoffrey Iverson; A. Kimball Romney; Donald D. Hoffman; Michael D'Zmura
_91210878
245 0 _aGeometric Representations of Perceptual Phenomena
245 0 _bPapers in Honor of Tarow indow on His 70th Birthday
260 _bTaylor and Francis
260 _c1995
365 _a
365 _b230
856 _uhttp://www.taylorfrancis.com/books/9780203773949
942 _cEBOOK
999 _c1814736
_d1814736